000
00254nam a2200097Ia 4500
008
241105s9999 xx 000 0 und d
041
_a
eng
100
_a
Lamkane B.
_9
182115
245
_a
Ecotel On An Island : Goa
260
_b
Final Year B. Arch, BNCA
_c
2010
999
_c
360388
_d
360388